Statistics for NCAA FOOTBALL TEAMS BY JERSEY

Click here to take the quiz!

General Stats

  • This quiz has been taken 71 times
  • The average score is 9 of 16

Answer Stats

Answer% Correct
Michigan Wolverines
98%
North Carolina Tar Heels
97%
Miami Hurricanes
94%
Oregon Ducks
83%
Maryland Terrapins
81%
Baylor Bears
73%
Boston College Eagles
63%
Wisconsin Badgers
59%
Kansas State Wildcats
48%
Wake Forest Demon Deacons
46%
Georgia Bulldogs
41%
Tulane Green Wave
41%
Oklahoma State Cowboys
33%
SMU Mustangs
21%
UConn Huskies
16%
San Jose State Spartans
14%

Score Distribution

Percentile by Number Answered

Percent of People with Each Score

Your Score History

You have not taken this quiz